Robot Dynamics and Control /

Uložené v:
Podrobná bibliografia
Hlavní autori: Vidyasagar, Mathukamalli (Autor), Spong, Mark W (Autor)
Médium: Kniha
Jazyk:English
Vydavateľské údaje: New York : John Wiley & Sons, 1989
Tagy: Pridať tag
Žiadne tagy, Buďte prvý, kto otaguje tento záznam!

MARC

LEADER 00000nam a22000003a 4500
001 stu31009
005 20190206124458.7
008 930219s1989----xxu-----------------eng-d
020 |a 0-471-50352-5 
040 |a STU  |b slo 
041 0 |a eng 
044 |a xxu 
080 |a 681.5 
100 1 |a Vidyasagar, Mathukamalli  |4 aut 
245 1 |a Robot Dynamics and Control /  |c [aut.] Spong,Mark W.; Vidyasagar,M 
260 |a New York :  |b John Wiley & Sons,  |c 1989 
300 |a 336 s 
700 1 |a Spong, Mark W  |4 aut 
996 |b J89546  |c J*89546  |l JJK1  |s P  |a 0  |w stu31009_0001